| 000 | 00587nam a22001697a 4500 | ||
|---|---|---|---|
| 003 | MACL | ||
| 005 | 20150711134505.0 | ||
| 008 | 150711b xxu||||| |||| 00| 0 eng d | ||
| 040 | _cMACL | ||
| 041 | _aHindi | ||
| 082 | _a741.642 | ||
| 110 |
_4150/3 _aकुमार, राम _91743 |
||
| 245 | _aरक्त का अभाव/रोबोट मास्टर/कथा वृक्ष | ||
| 260 |
_aअम्बाला _bबाल स्वस्थय सदन _c2004 |
||
| 650 |
_aचिल्डन्र बुक्स _91712 |
||
| 942 |
_2ddc _cHIN |
||
| 999 |
_c50084 _d50084 |
||